|
|
|
|
| LEADER |
00000nab a2200000 a 4500 |
| 001 |
vtls008932059 |
| 003 |
SK-MaSNL |
| 005 |
20260304143603.0 |
| 008 |
250505c2006 xo |||||||||||000 b|slo |
| 015 |
|
|
|a SNBRB2007/01
|2 snkbucl
|
| 035 |
|
|
|a (uuid)c6552fa1-2c32-4bdd-bc19-aa51a3f6b865
|
| 035 |
|
|
|a urn:nbn:sk:snk-abz0h
|
| 035 |
|
|
|a (urnnbn)urn:nbn:sk:snk:ar-a052se
|
| 038 |
|
|
|a SNKBUCL
|
| 040 |
|
|
|a SNKBUCL
|b slo
|c SNKBUCL
|e AACR2
|
| 041 |
0 |
|
|a cze
|
| 044 |
|
|
|a xo
|c SK
|
| 080 |
|
|
|a 51-051
|2 1997
|
| 080 |
|
|
|a 37-051
|2 1997
|
| 100 |
1 |
|
|a Vondrová, Naďa,
|d 1968-
|4 aut
|9 208332
|
| 245 |
1 |
0 |
|a Pojednání o vědeckém výzkumu prof. M. Hejného u příležitosti jeho 70. narozenin
|c Naďa Stehlíková, Darina Jirotková
|
| 600 |
1 |
7 |
|a Hejný, Milan,
|d 1936-
|2 snkbucl
|9 105416
|
| 700 |
1 |
|
|a Jirotková, Darina
|4 aut
|9 220864
|
| 773 |
0 |
|
|t Obzory matematiky, fyziky a informatiky
|g Roč. 35, č. 3 (2006), s. 64-68
|x 1335-4981
|
| 850 |
|
|
|a Slovenská národná knižnica
|
| 852 |
|
|
|a Slovenská národná knižnica
|
| 958 |
|
|
|a article27
|
| 958 |
|
|
|a CZ
|
| 958 |
|
|
|a OND
|
| 958 |
|
|
|a EUIPO
|
| 999 |
|
|
|c 2926323
|d 2928253
|